LEADER 01394nam0 2200325 450 001 000006192 005 20070219114324.0 100 $a20051214d2004----km-y0itay50------ba 101 0 $aita 102 $aIT 200 1 $a<>incidence of poverty in Italy$ea comparison of three statistical models$eEstratto$fClaudio Quintano, Rosalia Castellano, Antonella D'Agostino 210 $a[Napoli]$c[s.n.]$d2004 215 $aP. 137-158; 327; 340$d24 cm 225 2 $aScritti di Statistica Economica$fIstituto di Statistica e Matematica della Facoltà di Economia dell'Univ. degli Studi di Napoli "Parthenope"$fdirettore responsabile Claudio Quintano$v10 225 2 $aQuaderni di discussione$v24 300 $ail vol. è estratto dalla collana "Scritti di statistica economica 10", serie "Quaderni di discussione" n. 24 410 0$12001$aScritti di Statistica Economica 410 0$12001$aQuaderni di discussione 610 1 $aPovertà$aItalia$aIndagine statistica 610 1 $aStatistica economica 676 $a362.50945$v20 676 $a330.015195$v20 700 1$aQuintano,$bClaudio$0551040 701 1$aCastellano,$bRosalia$0101877 701 1$aD'Agostino,$bRosalia$0630416 801 0$aIT$bUNIPARTHENOPE$c20051214$gRICA$2UNIMARC 912 $a000006192 951 $aSSE-330/24[II]$b38156$cNAVA1$d2005 996 $aIncidence of poverty in Italy$91205315 997 $aUNIPARTHENOPE LEADER 00899nam0 22002651i 450 001 UON00348609 005 20231205104331.459 010 $a03-523-0698-x 100 $a20091202d1980 |0itac50 ba 101 $aeng 102 $aGB 105 $a|||| 1|||| 200 1 $aˆThe ‰storyteller$fAlan Sillitoe 210 $aLondon$cAllen$d1980 215 $a285 p.$d18 cm. 620 $aGB$dLondon$3UONL003044 676 $a823.914$cNarrativa inglese, 1945-1999$v21 700 1$aSILLITOE$bAlan$3UONV187203$0165835 712 $aAllen$3UONV275417$4650 801 $aIT$bSOL$c20240220$gRICA 899 $aSIBA - SISTEMA BIBLIOTECARIO DI ATENEO$2UONSI 912 $aUON00348609 950 $aSIBA - SISTEMA BIBLIOTECARIO DI ATENEO$dSI Angl VI A SIL 14 $eSI LO 15267 5 14 996 $aStoryteller$91359922 997 $aUNIOR